| 000 | 00887nam a2200241 a 4500 | ||
|---|---|---|---|
| 005 | 20200313102054.0 | ||
| 008 | 200313s2011 nyu |||fr|||| 00| 0 eng d | ||
| 020 | _a9780307717764 | ||
| 040 |
_aCO-BoUCM _bspa _cDeissy Garcia _dDeissy Garcia |
||
| 041 | 0 | _aeng | |
| 100 | 1 |
_aDesteno, David _9100437 |
|
| 245 | 1 | 0 |
_aOut of character _bthe surprising truths about the liar, cheat, sinner (and saint) lurking in all of us _cDavid DeSteno, Piercarlo Valdesolo. |
| 260 |
_bCrown Publishers _aNueva York _c2011 |
||
| 300 | _a259 páginas | ||
| 504 | _aIncluye referencias bibliográficas e índices | ||
| 650 | 7 |
_921413 _aPersonalidad |
|
| 650 | 7 |
_910470 _aCarácter |
|
| 650 | 7 |
_aConducta (Ética) _911510 |
|
| 650 | 7 |
_aConducta (Psicología) _911512 |
|
| 700 | 1 |
_aValdesolo, Piercarlo _9100438 |
|
| 942 |
_cLIBRO _2DEWEY _a9 _e1 _h155.2 _mD476o |
||
| 999 |
_c317441 _d317441 |
||